Information Technology Applications [International Journal]

Salvato in:
Dettagli Bibliografici
Natura: Periodico
Lingua:inglese
Pubblicazione: Bratislava Paneurópska vysoká škola 2020
Tags: Aggiungi Tag
Nessun Tag, puoi essere il primo ad aggiungerne!!

MARC

LEADER 00000nas2a2200000 4500
001 0272635
005 20210322101203.0
022 |a 2453-7497 
041 0 |a eng 
044 |a SK 
245 1 0 |a Information Technology Applications  |b [International Journal] 
264 1 |a Bratislava  |b Paneurópska vysoká škola  |c 2020 
773 0 |w eu_un_cat*0149160